Most popular weapons from WW II - Statistics

General Stats
  • This quiz has been taken 134 times
  • The average score is 8 of 15
Answer Stats
Picture Answer % Correct
MP 40
82%
M1 Garand
76%
Luger
67%
Stg 44
66%
PPSh
64%
Sten
64%
BAR
57%
MG42
57%
Bren
55%
Mosin Nagant
51%
Kar 98K
47%
Lee-Enfield
36%
Gewehr 43
27%
DP 28
20%
Carcano
14%
No matching quizzes found
Score Distribution
Percent of People with Each Score
Percentile by Number Answered
Your Score History
You have not taken this quiz